| 000 | 00362nam a2200145Ia 4500 | ||
|---|---|---|---|
| 008 | 230917s9999||||xx |||||||||||||| ||und|| | ||
| 040 |
_e140694 _aMAIN |
||
| 041 | _aEnglish | ||
| 082 | _a001.64 S98F | ||
| 100 | _aSaxena, Sanjay | ||
| 245 | 0 | _aFirst course in computers | |
| 260 |
_aNew Delhi _bVikas Publishing House _c1999 |
||
| 300 | _a73p p. | ||
| 942 | _cBK | ||
| 999 |
_c102799 _d102799 |
||